=LDR 00000nam 2200000 4500 =001 INLIS000000000018217 =005 20130612113412 =008 ***********************************Ind** =035 ##$$0010-061300000018217 =041 ##$$a Ind =082 ##$$a 636.085 2 =090 ##$$a 636.085 2, Sir r =100 ##$$a Siregar, Seri Basya =245 ##$$a Ransum ternak rusminansia, Seri Basya Siregar =260 ##$$a 1996 $b Jakarta =300 ##$$a vii, 117 hlm, ilus, 21 cm =650 ##$$a Manakan ternak =850 ##$$a NBPNMAT